Puzzle Madness - Countries - Statistics

General Stats
  • This quiz has been taken 435 times
  • The average score is 6 of 12
Answers on the Map
Answers color-coded by a green-red scale on the quiz's map according to % correct below.
 
Answer Stats
Answer % Correct
New Zealand
98%
France
86%
Morocco
61%
Ethiopia
58%
Paraguay
53%
Uganda
48%
Guatemala
44%
Bosnia and Herzegovina
41%
Pakistan
39%
Botswana
26%
Poland
19%
Syria
14%
No matching quizzes found
Score Distribution
Percent of People with Each Score
Percentile by Number Answered
Your Score History
You have not taken this quiz